| 000 | 00752nam a22002417a 4500 | ||
|---|---|---|---|
| 005 | 20170124110048.0 | ||
| 010 | _aA-853496 | ||
| 020 |
_c00.00 _a0873892534 |
||
| 035 | _aA-853496 | ||
| 037 | _bCen Lib/Ret | ||
| 040 |
_adpl _bEN |
||
| 082 |
_a658.562 _bWEB |
||
| 100 |
_aWeber, Richard T. _924939 |
||
| 245 |
_aBuying and supplying quality / _cby Richard T. Weber [and] Ross H. Johnson |
||
| 260 |
_bTata McGraw-Hill _c1996 _aNew Delhi |
||
| 270 |
_a4/12, Asaf Ali Road _bNew Delhi _e110002 |
||
| 300 |
_a264p. _c21cm(Hb) |
||
| 500 | _aIncludes index | ||
| 650 |
_aProduction management--Quality control _924940 |
||
| 650 |
_aQuality control _910149 |
||
| 700 |
_aJohnson, Ross H. _924941 |
||
| 942 |
_2ddc _cEN _h658.562 _mWEB |
||
| 999 |
_c128955 _d128955 |
||